[Event "April 9 Early 2024"]
[Site "Chess.com"]
[Date "2024.04.09"]
[Round "3"]
[White "Fier, Alexandr"]
[Black "Kaliakhmet, Elnaz"]
[Result "1-0"]
[Board "95"]
[WhiteFideId "2107139"]
[BlackFideId "13730169"]
[WhiteTitle "GM"]
[BlackTitle "WFM"]
[WhiteElo "2869"]
[BlackElo "2535"]
[WhiteTeam "BRA"]
[BlackTeam "KAZ"]
[WhiteClock "0:02:47"]
[BlackClock "0:01:58"]
[Variant "Standard"]

1. d4 {[%clk 0:02:58]}  Nf6 {[%clk 0:02:58]} 2. Bg5 {[%clk 0:02:59]}  d5 {[%clk 0:02:56]} 3. Bxf6 {[%clk 0:02:58]}  exf6 {[%clk 0:02:53]} 4. e3 {[%clk 0:02:58]}  g6 {[%clk 0:02:49]} 5. c4 {[%clk 0:02:59]}  c6 {[%clk 0:02:46]} 6. Nc3 {[%clk 0:02:58]}  Bg7 {[%clk 0:02:46]} 7. cxd5 {[%clk 0:02:57]}  cxd5 {[%clk 0:02:46]} 8. Nge2 {[%clk 0:02:57]}  Nc6 {[%clk 0:02:41]} 9. Nf4 {[%clk 0:02:57]}  Ne7 {[%clk 0:02:22]} 10. Bb5+ {[%clk 0:02:55]}  Bd7 {[%clk 0:02:22]} 11. Qa4 {[%clk 0:02:55]}  Bc6 {[%clk 0:02:15]} 12. Nfxd5 {[%clk 0:02:48]}  Bxb5 {[%clk 0:02:02]} 13. Qxb5+ {[%clk 0:02:48]}  Qd7 {[%clk 0:01:58]} 14. Nc7+ {[%clk 0:02:47]} 1-0

[Event "April 9 Early 2024"]
[Site "Chess.com"]
[Date "2024.04.09"]
[Round "3"]
[White "Klukin, Kirill"]
[Black "Ferey, Antonin"]
[Result "0-1"]
[Board "99"]
[WhiteFideId "24199273"]
[BlackFideId "36051454"]
[WhiteTitle "IM"]
[BlackTitle "CM"]
[WhiteElo "2849"]
[BlackElo "2533"]
[WhiteTeam "RUS"]
[BlackTeam "FRA"]
[WhiteClock "0:00:02"]
[BlackClock "0:00:38"]
[Variant "Standard"]

1. c4 {[%clk 0:03:00]}  Nf6 {[%clk 0:02:59]} 2. Nc3 {[%clk 0:03:00]}  g6 {[%clk 0:02:59]} 3. Nf3 {[%clk 0:02:59]}  Bg7 {[%clk 0:02:59]} 4. e3 {[%clk 0:02:58]}  O-O {[%clk 0:02:59]} 5. Be2 {[%clk 0:02:58]}  c5 {[%clk 0:02:59]} 6. O-O {[%clk 0:02:56]}  Nc6 {[%clk 0:02:59]} 7. d4 {[%clk 0:02:57]}  cxd4 {[%clk 0:02:59]} 8. exd4 {[%clk 0:02:56]}  d5 {[%clk 0:02:59]} 9. Bg5 {[%clk 0:02:53]}  dxc4 {[%clk 0:02:57]} 10. Bxc4 {[%clk 0:02:27]}  Bg4 {[%clk 0:02:55]} 11. d5 {[%clk 0:02:25]}  Ne5 {[%clk 0:02:34]} 12. Be2 {[%clk 0:02:25]}  Bxf3 {[%clk 0:02:34]} 13. Bxf3 {[%clk 0:02:25]}  Nxf3+ {[%clk 0:02:25]} 14. Qxf3 {[%clk 0:02:26]}  Qb6 {[%clk 0:02:25]} 15. Qe2 {[%clk 0:02:19]}  Rad8 {[%clk 0:02:17]} 16. Rad1 {[%clk 0:02:18]}  Rd7 {[%clk 0:02:15]} 17. Rd3 {[%clk 0:02:15]}  Rfd8 {[%clk 0:02:14]} 18. Rfd1 {[%clk 0:02:16]}  Qa5 {[%clk 0:02:07]} 19. Qf3 {[%clk 0:01:28]}  h6 {[%clk 0:01:51]} 20. Bh4 {[%clk 0:01:25]}  Qb4 {[%clk 0:01:47]} 21. Bxf6 {[%clk 0:01:12]}  Bxf6 {[%clk 0:01:48]} 22. Ne4 {[%clk 0:00:37]}  Bg7 {[%clk 0:01:34]} 23. Rb3 {[%clk 0:00:13]}  Qc4 {[%clk 0:01:29]} 24. Qd3 {[%clk 0:00:05]}  Qxd3 {[%clk 0:01:23]} 25. Rbxd3 {[%clk 0:00:05]}  Bxb2 {[%clk 0:01:13]} 26. g3 {[%clk 0:00:06]}  b6 {[%clk 0:01:05]} 27. g4 {[%clk 0:00:04]}  Rc8 {[%clk 0:01:01]} 28. Kg2 {[%clk 0:00:05]}  Rc2 {[%clk 0:00:58]} 29. Kf3 {[%clk 0:00:05]}  Be5 {[%clk 0:00:58]} 30. a4 {[%clk 0:00:05]}  Rdc7 {[%clk 0:00:56]} 31. d6 {[%clk 0:00:03]}  exd6 {[%clk 0:00:56]} 32. Nxd6 {[%clk 0:00:04]}  R7c3 {[%clk 0:00:55]} 33. Ne4 {[%clk 0:00:03]}  Rxd3+ {[%clk 0:00:55]} 34. Rxd3 {[%clk 0:00:04]}  Ra2 {[%clk 0:00:54]} 35. Rd5 {[%clk 0:00:03]}  Ra3+ {[%clk 0:00:52]} 36. Kg2 {[%clk 0:00:02]}  Ba1 {[%clk 0:00:47]} 37. Rd8+ {[%clk 0:00:02]}  Kg7 {[%clk 0:00:47]} 38. Rd7 {[%clk 0:00:03]}  Rxa4 {[%clk 0:00:46]} 39. Nd6 {[%clk 0:00:03]}  Rf4 {[%clk 0:00:44]} 40. Kg3 {[%clk 0:00:03]}  Be5 {[%clk 0:00:42]} 41. Ne8+ {[%clk 0:00:03]}  Kf8 {[%clk 0:00:40]} 42. Rxa7 {[%clk 0:00:01]}  Ra4+ {[%clk 0:00:39]} 43. f4 {[%clk 0:00:01]}  Bxf4+ {[%clk 0:00:39]} 44. Kf3 {[%clk 0:00:02]}  Rxa7 {[%clk 0:00:39]} 45. Nf6 {[%clk 0:00:02]}  Bxh2 {[%clk 0:00:38]} 0-1

[Event "April 9 Early 2024"]
[Site "Chess.com"]
[Date "2024.04.09"]
[Round "3"]
[White "Kadric, Denis"]
[Black "Antoniou, Rafail"]
[Result "0-1"]
[Board "100"]
[WhiteFideId "14403803"]
[BlackFideId "5904390"]
[WhiteTitle "GM"]
[BlackTitle "CM"]
[WhiteElo "2846"]
[BlackElo "2532"]
[WhiteTeam "MNE"]
[BlackTeam "CYP"]
[WhiteClock "0:00:28"]
[BlackClock "0:00:47"]
[Variant "Standard"]

1. e4 {[%clk 0:03:00]}  c5 {[%clk 0:02:55]} 2. Nc3 {[%clk 0:03:01]}  e6 {[%clk 0:02:51]} 3. Nge2 {[%clk 0:03:01]}  Nc6 {[%clk 0:02:51]} 4. d4 {[%clk 0:03:01]}  cxd4 {[%clk 0:02:52]} 5. Nxd4 {[%clk 0:03:02]}  Nf6 {[%clk 0:02:52]} 6. Ndb5 {[%clk 0:03:02]}  Bc5 {[%clk 0:02:52]} 7. Bf4 {[%clk 0:03:02]}  O-O {[%clk 0:02:52]} 8. Bc7 {[%clk 0:03:02]}  Qe7 {[%clk 0:02:53]} 9. Bd6 {[%clk 0:03:03]}  Bxd6 {[%clk 0:02:53]} 10. Qxd6 {[%clk 0:03:03]}  Qd8 {[%clk 0:02:54]} 11. Nc7 {[%clk 0:03:01]}  Rb8 {[%clk 0:02:54]} 12. O-O-O {[%clk 0:02:46]}  b6 {[%clk 0:02:46]} 13. h4 {[%clk 0:02:40]}  Ne8 {[%clk 0:02:42]} 14. Nxe8 {[%clk 0:02:38]}  Rxe8 {[%clk 0:02:42]} 15. h5 {[%clk 0:02:24]}  h6 {[%clk 0:02:42]} 16. g4 {[%clk 0:02:04]}  Bb7 {[%clk 0:02:03]} 17. Qg3 {[%clk 0:01:58]}  e5 {[%clk 0:01:49]} 18. Bc4 {[%clk 0:01:45]}  Nd4 {[%clk 0:01:48]} 19. Kb1 {[%clk 0:01:41]}  Rc8 {[%clk 0:01:46]} 20. Bd5 {[%clk 0:01:41]}  Bxd5 {[%clk 0:01:45]} 21. exd5 {[%clk 0:01:41]}  Qf6 {[%clk 0:01:38]} 22. Ne4 {[%clk 0:01:32]}  Qe7 {[%clk 0:01:37]} 23. c3 {[%clk 0:01:28]}  Nb5 {[%clk 0:01:33]} 24. g5 {[%clk 0:01:16]}  hxg5 {[%clk 0:01:26]} 25. Nxg5 {[%clk 0:01:16]}  Nd6 {[%clk 0:01:20]} 26. Rdg1 {[%clk 0:01:10]}  Qf6 {[%clk 0:01:18]} 27. Ka1 {[%clk 0:00:53]}  Rc4 {[%clk 0:01:14]} 28. Qh3 {[%clk 0:00:51]}  Nf5 {[%clk 0:01:04]} 29. f3 {[%clk 0:00:49]}  Rh4 {[%clk 0:01:04]} 30. Qg2 {[%clk 0:00:48]}  Rxh1 {[%clk 0:01:03]} 31. Rxh1 {[%clk 0:00:49]}  Ne3 {[%clk 0:00:54]} 32. Qg1 {[%clk 0:00:49]}  Nxd5 {[%clk 0:00:54]} 33. Rh4 {[%clk 0:00:37]}  Qh6 {[%clk 0:00:52]} 34. Rg4 {[%clk 0:00:36]}  Nf6 {[%clk 0:00:51]} 35. Rg2 {[%clk 0:00:35]}  Nxh5 {[%clk 0:00:51]} 36. Ne4 {[%clk 0:00:35]}  Nf4 {[%clk 0:00:48]} 37. Rg5 {[%clk 0:00:28]}  Nh3 {[%clk 0:00:47]} 0-1

[Event "April 9 Early 2024"]
[Site "Chess.com"]
[Date "2024.04.09"]
[Round "3"]
[White "Dmitry Obolenskikh"]
[Black "Afanasieva, Alexandra"]
[Result "0-1"]
[Board "103"]
[WhiteFideId "4156013"]
[BlackFideId "34126926"]
[WhiteTitle "IM"]
[BlackTitle "WFM"]
[WhiteElo "2788"]
[BlackElo "2522"]
[WhiteTeam "RUS"]
[BlackTeam "RUS"]
[WhiteClock "0:00:33"]
[BlackClock "0:00:34"]
[Variant "Standard"]

1. Nf3 {[%clk 0:03:00]}  c5 {[%clk 0:02:59]} 2. c4 {[%clk 0:03:00]}  Nc6 {[%clk 0:02:59]} 3. d4 {[%clk 0:03:00]}  cxd4 {[%clk 0:02:59]} 4. Nxd4 {[%clk 0:03:01]}  Nf6 {[%clk 0:02:59]} 5. Nc3 {[%clk 0:03:01]}  d5 {[%clk 0:03:00]} 6. cxd5 {[%clk 0:02:59]}  Nxd5 {[%clk 0:02:59]} 7. Nxc6 {[%clk 0:02:59]}  bxc6 {[%clk 0:02:59]} 8. Bd2 {[%clk 0:03:00]}  Nxc3 {[%clk 0:02:57]} 9. Bxc3 {[%clk 0:02:59]}  Qc7 {[%clk 0:02:56]} 10. g3 {[%clk 0:02:57]}  e5 {[%clk 0:02:52]} 11. Bg2 {[%clk 0:02:57]}  Be7 {[%clk 0:02:51]} 12. Qa4 {[%clk 0:02:54]}  Bd7 {[%clk 0:02:50]} 13. Qe4 {[%clk 0:02:53]}  Bd6 {[%clk 0:02:41]} 14. Rd1 {[%clk 0:02:48]}  Rd8 {[%clk 0:02:37]} 15. Rxd6 {[%clk 0:02:15]}  Qxd6 {[%clk 0:02:36]} 16. Bxe5 {[%clk 0:02:15]}  f5 {[%clk 0:02:23]} 17. Bxd6+ {[%clk 0:01:55]}  fxe4 {[%clk 0:02:23]} 18. Bxe4 {[%clk 0:01:54]}  Kf7 {[%clk 0:02:21]} 19. Bc5 {[%clk 0:01:52]}  Be6 {[%clk 0:02:15]} 20. b3 {[%clk 0:01:48]}  a5 {[%clk 0:02:12]} 21. f3 {[%clk 0:01:48]}  a4 {[%clk 0:02:09]} 22. bxa4 {[%clk 0:01:48]}  Ra8 {[%clk 0:02:08]} 23. Bc2 {[%clk 0:01:41]}  Bxa2 {[%clk 0:02:06]} 24. Kf2 {[%clk 0:01:40]}  Rhb8 {[%clk 0:01:52]} 25. Ra1 {[%clk 0:01:33]}  Bb3 {[%clk 0:01:40]} 26. Bxb3+ {[%clk 0:01:21]}  Rxb3 {[%clk 0:01:39]} 27. h4 {[%clk 0:01:20]}  Rc3 {[%clk 0:01:36]} 28. Bd4 {[%clk 0:01:20]}  Rc4 {[%clk 0:01:35]} 29. Be5 {[%clk 0:01:17]}  Rcxa4 {[%clk 0:01:31]} 30. Rd1 {[%clk 0:01:17]}  R4a7 {[%clk 0:01:30]} 31. Rd4 {[%clk 0:01:14]}  Rc8 {[%clk 0:01:26]} 32. Rf4+ {[%clk 0:01:11]}  Ke6 {[%clk 0:01:23]} 33. Re4 {[%clk 0:01:11]}  Kd5 {[%clk 0:01:15]} 34. Bf4 {[%clk 0:01:02]}  c5 {[%clk 0:01:14]} 35. Re5+ {[%clk 0:01:02]}  Kc4 {[%clk 0:01:13]} 36. Be3 {[%clk 0:01:01]}  Rac7 {[%clk 0:01:12]} 37. Re6 {[%clk 0:00:58]}  Kd5 {[%clk 0:01:11]} 38. Rb6 {[%clk 0:00:54]}  c4 {[%clk 0:01:10]} 39. Rb5+ {[%clk 0:00:55]}  Ke6 {[%clk 0:01:08]} 40. Ke1 {[%clk 0:00:50]}  c3 {[%clk 0:01:08]} 41. f4 {[%clk 0:00:48]}  c2 {[%clk 0:01:06]} 42. Bc1 {[%clk 0:00:47]}  Rd7 {[%clk 0:01:05]} 43. f5+ {[%clk 0:00:46]}  Kf7 {[%clk 0:01:05]} 44. Kf2 {[%clk 0:00:46]}  Rd1 {[%clk 0:00:57]} 45. Rb7+ {[%clk 0:00:43]}  Kg8 {[%clk 0:00:56]} 46. Bb2 {[%clk 0:00:43]}  c1=Q {[%clk 0:00:56]} 47. Bxc1 {[%clk 0:00:43]}  Rdxc1 {[%clk 0:00:56]} 48. g4 {[%clk 0:00:43]}  R1c3 {[%clk 0:00:48]} 49. e3 {[%clk 0:00:42]}  R3c5 {[%clk 0:00:47]} 50. h5 {[%clk 0:00:41]}  g6 {[%clk 0:00:45]} 51. hxg6 {[%clk 0:00:40]}  hxg6 {[%clk 0:00:45]} 52. e4 {[%clk 0:00:40]}  gxf5 {[%clk 0:00:45]} 53. gxf5 {[%clk 0:00:40]}  Rc3 {[%clk 0:00:45]} 54. Re7 {[%clk 0:00:38]}  Kf8 {[%clk 0:00:44]} 55. f6 {[%clk 0:00:38]}  R8c7 {[%clk 0:00:43]} 56. Re6 {[%clk 0:00:35]}  R3c6 {[%clk 0:00:42]} 57. Re5 {[%clk 0:00:36]}  Rxf6+ {[%clk 0:00:42]} 58. Ke3 {[%clk 0:00:36]}  Re7 {[%clk 0:00:43]} 59. Ra5 {[%clk 0:00:36]}  Rfe6 {[%clk 0:00:43]} 60. Ra4 {[%clk 0:00:36]}  Kf7 {[%clk 0:00:43]} 61. Rb4 {[%clk 0:00:36]}  Kf6 {[%clk 0:00:43]} 62. Ra4 {[%clk 0:00:37]}  Rb6 {[%clk 0:00:44]} 63. Rc4 {[%clk 0:00:37]}  Ra7 {[%clk 0:00:40]} 64. Kf4 {[%clk 0:00:36]}  Ke6 {[%clk 0:00:40]} 65. Rc5 {[%clk 0:00:36]}  Rf7+ {[%clk 0:00:38]} 66. Ke3 {[%clk 0:00:35]}  Rb3+ {[%clk 0:00:38]} 67. Kd4 {[%clk 0:00:35]}  Rd7+ {[%clk 0:00:38]} 68. Kc4 {[%clk 0:00:36]}  Rbd3 {[%clk 0:00:37]} 69. Rh5 {[%clk 0:00:34]}  R3d4+ {[%clk 0:00:35]} 70. Kc5 {[%clk 0:00:35]}  Rxe4 {[%clk 0:00:35]} 71. Rh6+ {[%clk 0:00:35]}  Ke5 {[%clk 0:00:34]} 72. Rh5+ {[%clk 0:00:36]}  Kf4 {[%clk 0:00:34]} 73. Rh4+ {[%clk 0:00:36]}  Kf3 {[%clk 0:00:34]} 74. Rh3+ {[%clk 0:00:37]}  Kg4 {[%clk 0:00:34]} 75. Rh8 {[%clk 0:00:37]}  Rde7 {[%clk 0:00:34]} 76. Kd5 {[%clk 0:00:37]}  R4e5+ {[%clk 0:00:34]} 77. Kd6 {[%clk 0:00:36]}  R7e6+ {[%clk 0:00:34]} 78. Kd7 {[%clk 0:00:37]}  Kf4 {[%clk 0:00:35]} 79. Rh4+ {[%clk 0:00:36]}  Ke3 {[%clk 0:00:35]} 80. Rh3+ {[%clk 0:00:37]}  Kd4 {[%clk 0:00:35]} 81. Rh1 {[%clk 0:00:37]}  Rg6 {[%clk 0:00:35]} 82. Rd1+ {[%clk 0:00:36]}  Kc3 {[%clk 0:00:35]} 83. Rc1+ {[%clk 0:00:37]}  Kd2 {[%clk 0:00:35]} 84. Rh1 {[%clk 0:00:36]}  Ra5 {[%clk 0:00:35]} 85. Rh2+ {[%clk 0:00:36]}  Ke3 {[%clk 0:00:35]} 86. Ke7 {[%clk 0:00:35]}  Ra7+ {[%clk 0:00:35]} 87. Kf8 {[%clk 0:00:33]}  Rb6 {[%clk 0:00:34]} 0-1

[Event "April 9 Early 2024"]
[Site "Chess.com"]
[Date "2024.04.09"]
[Round "3"]
[White "Santos Flores, Alberto"]
[Black "Mikaelyan, Arman"]
[Result "1/2-1/2"]
[Board "104"]
[WhiteFideId "3601234"]
[BlackFideId "13304852"]
[WhiteTitle "IM"]
[BlackTitle "GM"]
[WhiteElo "2522"]
[BlackElo "2775"]
[WhiteTeam "ECU"]
[BlackTeam "ARM"]
[WhiteClock "0:01:52"]
[BlackClock "0:00:20"]
[Variant "Standard"]

1. e4 {[%clk 0:03:00]}  c5 {[%clk 0:02:59]} 2. Nf3 {[%clk 0:03:00]}  b6 {[%clk 0:03:00]} 3. d4 {[%clk 0:03:00]}  cxd4 {[%clk 0:03:01]} 4. Nxd4 {[%clk 0:03:00]}  Bb7 {[%clk 0:03:02]} 5. Nc3 {[%clk 0:03:00]}  Nc6 {[%clk 0:03:02]} 6. Bc4 {[%clk 0:02:59]}  e6 {[%clk 0:03:01]} 7. O-O {[%clk 0:02:57]}  Nf6 {[%clk 0:03:00]} 8. Nxc6 {[%clk 0:02:33]}  Bxc6 {[%clk 0:03:01]} 9. e5 {[%clk 0:02:33]}  Ne4 {[%clk 0:02:56]} 10. Nxe4 {[%clk 0:02:28]}  Bxe4 {[%clk 0:02:57]} 11. Qg4 {[%clk 0:02:28]}  Bc6 {[%clk 0:02:53]} 12. Bb3 {[%clk 0:02:23]}  h5 {[%clk 0:02:46]} 13. Qg3 {[%clk 0:02:22]}  h4 {[%clk 0:02:46]} 14. Qg4 {[%clk 0:02:22]}  h3 {[%clk 0:02:43]} 15. g3 {[%clk 0:02:22]}  Qc7 {[%clk 0:02:41]} 16. Bf4 {[%clk 0:02:22]}  Qb7 {[%clk 0:02:37]} 17. f3 {[%clk 0:02:10]}  Bc5+ {[%clk 0:02:20]} 18. Kh1 {[%clk 0:02:09]}  O-O-O {[%clk 0:02:20]} 19. a4 {[%clk 0:02:03]}  g5 {[%clk 0:02:20]} 20. Bd2 {[%clk 0:02:00]}  Rdf8 {[%clk 0:01:54]} 21. Bc3 {[%clk 0:01:58]}  Rh6 {[%clk 0:01:29]} 22. Bc4 {[%clk 0:01:54]}  a5 {[%clk 0:01:14]} 23. Bb5 {[%clk 0:01:53]}  Bd5 {[%clk 0:00:56]} 24. Bc4 {[%clk 0:01:52]}  Bc6 {[%clk 0:00:31]} 25. Bb5 {[%clk 0:01:52]}  Bd5 {[%clk 0:00:24]} 26. Bc4 {[%clk 0:01:52]}  Bc6 {[%clk 0:00:20]} 1/2-1/2

[Event "April 9 Early 2024"]
[Site "Chess.com"]
[Date "2024.04.09"]
[Round "3"]
[White "Diaz Herquinio, Brahian"]
[Black "Schnaider, Ilan"]
[Result "0-1"]
[Board "106"]
[WhiteFideId "3809480"]
[BlackFideId "169013"]
[WhiteTitle "CM"]
[BlackTitle "FM"]
[WhiteElo "2519"]
[BlackElo "2759"]
[WhiteTeam "PER"]
[BlackTeam "ARG"]
[WhiteClock "0:00:01"]
[BlackClock "0:01:19"]
[Variant "Standard"]

1. e4 {[%clk 0:02:53]}  c5 {[%clk 0:02:59]} 2. Nf3 {[%clk 0:02:53]}  d6 {[%clk 0:03:00]} 3. d4 {[%clk 0:02:53]}  cxd4 {[%clk 0:03:01]} 4. Nxd4 {[%clk 0:02:54]}  Nf6 {[%clk 0:03:01]} 5. Nc3 {[%clk 0:02:55]}  a6 {[%clk 0:03:02]} 6. Bg5 {[%clk 0:02:54]}  Nbd7 {[%clk 0:03:02]} 7. f4 {[%clk 0:02:54]}  Qc7 {[%clk 0:03:00]} 8. Qe2 {[%clk 0:02:53]}  h6 {[%clk 0:02:57]} 9. Bh4 {[%clk 0:02:42]}  g5 {[%clk 0:02:19]} 10. fxg5 {[%clk 0:02:38]}  hxg5 {[%clk 0:02:20]} 11. Bxg5 {[%clk 0:02:36]}  Qc5 {[%clk 0:02:20]} 12. Be3 {[%clk 0:02:10]}  Ne5 {[%clk 0:02:19]} 13. Ne6 {[%clk 0:01:19]}  Qa5 {[%clk 0:02:15]} 14. Nxf8 {[%clk 0:01:14]}  Kxf8 {[%clk 0:02:13]} 15. Qd2 {[%clk 0:01:07]}  Neg4 {[%clk 0:01:49]} 16. h3 {[%clk 0:00:39]}  Nxe3 {[%clk 0:01:37]} 17. Qxe3 {[%clk 0:00:40]}  b5 {[%clk 0:01:38]} 18. e5 {[%clk 0:00:31]}  dxe5 {[%clk 0:01:36]} 19. Qxe5 {[%clk 0:00:31]}  Be6 {[%clk 0:01:33]} 20. O-O-O {[%clk 0:00:27]}  Rh5 {[%clk 0:01:33]} 21. Qe1 {[%clk 0:00:19]}  b4 {[%clk 0:01:32]} 22. Nb1 {[%clk 0:00:15]}  Bxa2 {[%clk 0:01:28]} 23. Be2 {[%clk 0:00:12]}  Rc5 {[%clk 0:01:28]} 24. Bf3 {[%clk 0:00:12]}  Rac8 {[%clk 0:01:28]} 25. Rd2 {[%clk 0:00:13]}  b3 {[%clk 0:01:26]} 26. c3 {[%clk 0:00:11]}  Bxb1 {[%clk 0:01:26]} 27. Qh4 {[%clk 0:00:07]}  Bh7 {[%clk 0:01:19]} 28. Qh6+ {[%clk 0:00:01]}  Kg8 {[%clk 0:01:19]} 0-1

[Event "April 9 Early 2024"]
[Site "Chess.com"]
[Date "2024.04.09"]
[Round "3"]
[White "Korley, Kassa"]
[Black "Aaditya Dhingra"]
[Result "1-0"]
[Board "110"]
[WhiteFideId "2033801"]
[BlackFideId "25678191"]
[WhiteTitle "IM"]
[BlackTitle "IM"]
[WhiteElo "2728"]
[BlackElo "2514"]
[WhiteTeam "DEN"]
[BlackTeam "IND"]
[WhiteClock "0:00:08"]
[BlackClock "0:00:04"]
[Variant "Standard"]

1. d4 {[%clk 0:03:00]}  Nf6 {[%clk 0:02:58]} 2. Nf3 {[%clk 0:02:59]}  e6 {[%clk 0:02:58]} 3. Bf4 {[%clk 0:02:58]}  b6 {[%clk 0:02:58]} 4. e3 {[%clk 0:02:59]}  Bb7 {[%clk 0:02:58]} 5. Nbd2 {[%clk 0:02:59]}  g6 {[%clk 0:02:57]} 6. Bd3 {[%clk 0:02:53]}  Bg7 {[%clk 0:02:57]} 7. e4 {[%clk 0:02:50]}  d6 {[%clk 0:02:54]} 8. Qe2 {[%clk 0:02:47]}  a5 {[%clk 0:02:48]} 9. O-O {[%clk 0:02:45]}  O-O {[%clk 0:02:47]} 10. h3 {[%clk 0:02:44]}  Nbd7 {[%clk 0:02:46]} 11. Bh2 {[%clk 0:02:42]}  Qe7 {[%clk 0:02:45]} 12. c3 {[%clk 0:02:35]}  Nh5 {[%clk 0:02:36]} 13. a4 {[%clk 0:02:27]}  e5 {[%clk 0:02:33]} 14. Rfe1 {[%clk 0:02:24]}  Rae8 {[%clk 0:02:28]} 15. Nc4 {[%clk 0:02:16]}  Kh8 {[%clk 0:02:10]} 16. dxe5 {[%clk 0:02:06]}  dxe5 {[%clk 0:02:07]} 17. Rad1 {[%clk 0:01:59]}  f6 {[%clk 0:02:02]} 18. Bc2 {[%clk 0:01:51]}  Nc5 {[%clk 0:01:56]} 19. Ne3 {[%clk 0:01:49]}  c6 {[%clk 0:01:48]} 20. Qd2 {[%clk 0:01:34]}  Rd8 {[%clk 0:01:46]} 21. Qc1 {[%clk 0:01:34]}  Ne6 {[%clk 0:01:46]} 22. Rxd8 {[%clk 0:01:03]}  Rxd8 {[%clk 0:01:44]} 23. Rd1 {[%clk 0:01:04]}  Ba6 {[%clk 0:01:38]} 24. Rxd8+ {[%clk 0:00:44]}  Qxd8 {[%clk 0:01:30]} 25. Qd2 {[%clk 0:00:41]}  Bh6 {[%clk 0:01:30]} 26. Qxd8+ {[%clk 0:00:40]}  Nxd8 {[%clk 0:01:30]} 27. Nd2 {[%clk 0:00:17]}  Bxe3 {[%clk 0:01:25]} 28. fxe3 {[%clk 0:00:17]}  Ne6 {[%clk 0:01:23]} 29. b4 {[%clk 0:00:13]}  axb4 {[%clk 0:01:17]} 30. cxb4 {[%clk 0:00:14]}  Kg8 {[%clk 0:01:14]} 31. Bb3 {[%clk 0:00:14]}  Kf7 {[%clk 0:01:10]} 32. Kf2 {[%clk 0:00:13]}  Ke7 {[%clk 0:01:09]} 33. g4 {[%clk 0:00:11]}  Nhg7 {[%clk 0:01:09]} 34. h4 {[%clk 0:00:12]}  h5 {[%clk 0:01:06]} 35. g5 {[%clk 0:00:12]}  fxg5 {[%clk 0:01:03]} 36. hxg5 {[%clk 0:00:11]}  Nxg5 {[%clk 0:01:00]} 37. Bxe5 {[%clk 0:00:12]}  N7e6 {[%clk 0:00:56]} 38. a5 {[%clk 0:00:12]}  bxa5 {[%clk 0:00:53]} 39. bxa5 {[%clk 0:00:13]}  Bd3 {[%clk 0:00:46]} 40. Bf4 {[%clk 0:00:11]}  Nxf4 {[%clk 0:00:34]} 41. exf4 {[%clk 0:00:12]}  Nxe4+ {[%clk 0:00:34]} 42. Nxe4 {[%clk 0:00:12]}  Bxe4 {[%clk 0:00:34]} 43. Ke3 {[%clk 0:00:13]}  Bg2 {[%clk 0:00:18]} 44. Bc2 {[%clk 0:00:12]}  Kf6 {[%clk 0:00:14]} 45. a6 {[%clk 0:00:11]}  c5 {[%clk 0:00:04]} 46. Be4 {[%clk 0:00:08]} 1-0

[Event "April 9 Early 2024"]
[Site "Chess.com"]
[Date "2024.04.09"]
[Round "3"]
[White "Misailovic, Nebojsa"]
[Black "Karttunen, Mika"]
[Result "0-1"]
[Board "111"]
[WhiteFideId "903175"]
[BlackFideId "502081"]
[WhiteTitle "IM"]
[BlackTitle "IM"]
[WhiteElo "2513"]
[BlackElo "2724"]
[WhiteTeam "SRB"]
[BlackTeam "FIN"]
[WhiteClock "0:00:13"]
[BlackClock "0:01:04"]
[Variant "Standard"]

1. d4 {[%clk 0:03:00]}  Nf6 {[%clk 0:02:59]} 2. Nf3 {[%clk 0:03:00]}  g6 {[%clk 0:02:58]} 3. c4 {[%clk 0:03:00]}  Bg7 {[%clk 0:02:58]} 4. Nc3 {[%clk 0:03:01]}  d6 {[%clk 0:02:58]} 5. e4 {[%clk 0:03:01]}  O-O {[%clk 0:02:58]} 6. Be2 {[%clk 0:03:01]}  e5 {[%clk 0:02:58]} 7. O-O {[%clk 0:03:01]}  Nc6 {[%clk 0:02:59]} 8. d5 {[%clk 0:03:02]}  Ne7 {[%clk 0:02:59]} 9. Ne1 {[%clk 0:03:03]}  Nd7 {[%clk 0:02:58]} 10. Nd3 {[%clk 0:03:03]}  f5 {[%clk 0:02:58]} 11. f3 {[%clk 0:03:04]}  f4 {[%clk 0:02:57]} 12. Bd2 {[%clk 0:03:04]}  a5 {[%clk 0:02:53]} 13. Rc1 {[%clk 0:03:03]}  b6 {[%clk 0:02:52]} 14. b4 {[%clk 0:03:01]}  axb4 {[%clk 0:02:47]} 15. Nxb4 {[%clk 0:03:01]}  Nc5 {[%clk 0:02:46]} 16. Nc6 {[%clk 0:02:58]}  Nxc6 {[%clk 0:02:45]} 17. dxc6 {[%clk 0:02:59]}  g5 {[%clk 0:02:41]} 18. Be1 {[%clk 0:02:41]}  Rf6 {[%clk 0:02:06]} 19. Bf2 {[%clk 0:02:36]}  Rg6 {[%clk 0:01:56]} 20. Bxc5 {[%clk 0:01:56]}  bxc5 {[%clk 0:01:55]} 21. Rb1 {[%clk 0:01:51]}  h5 {[%clk 0:01:52]} 22. Rb7 {[%clk 0:01:45]}  g4 {[%clk 0:01:18]} 23. Nd5 {[%clk 0:01:39]}  g3 {[%clk 0:01:18]} 24. h3 {[%clk 0:00:47]}  Qh4 {[%clk 0:01:17]} 25. Rxc7 {[%clk 0:00:37]}  Bxh3 {[%clk 0:01:16]} 26. Ne7+ {[%clk 0:00:37]}  Kh7 {[%clk 0:01:13]} 27. Nxg6 {[%clk 0:00:38]}  Kxg6 {[%clk 0:01:12]} 28. Qd5 {[%clk 0:00:13]}  Bd7 {[%clk 0:01:04]} 0-1

[Event "April 9 Early 2024"]
[Site "Chess.com"]
[Date "2024.04.10"]
[Round "3"]
[White "Silvederio, John Michael Britanico"]
[Black "Nigalidze, Gaioz"]
[Result "0-1"]
[Board "112"]
[WhiteFideId "5248302"]
[BlackFideId "13603078"]
[BlackTitle "IM"]
[WhiteElo "2513"]
[BlackElo "2718"]
[WhiteTeam "PHI"]
[BlackTeam "GEO"]
[WhiteClock "0:00:07"]
[BlackClock "0:00:24"]
[Variant "Standard"]

1. d4 {[%clk 0:03:00]}  g6 {[%clk 0:03:00]} 2. Nc3 {[%clk 0:02:58]}  Bg7 {[%clk 0:03:01]} 3. Bf4 {[%clk 0:02:59]}  a6 {[%clk 0:03:01]} 4. e4 {[%clk 0:02:57]}  b5 {[%clk 0:03:02]} 5. f3 {[%clk 0:02:54]}  Bb7 {[%clk 0:03:02]} 6. Qd2 {[%clk 0:02:53]}  d6 {[%clk 0:03:02]} 7. h4 {[%clk 0:02:52]}  Nd7 {[%clk 0:03:03]} 8. h5 {[%clk 0:02:49]}  Nb6 {[%clk 0:03:03]} 9. hxg6 {[%clk 0:02:36]}  hxg6 {[%clk 0:03:04]} 10. Rxh8 {[%clk 0:02:35]}  Bxh8 {[%clk 0:03:05]} 11. O-O-O {[%clk 0:02:33]}  Qd7 {[%clk 0:03:05]} 12. g4 {[%clk 0:02:30]}  b4 {[%clk 0:02:35]} 13. Nce2 {[%clk 0:02:19]}  Qa4 {[%clk 0:02:34]} 14. Kb1 {[%clk 0:02:17]}  a5 {[%clk 0:02:07]} 15. Nc1 {[%clk 0:02:16]}  e6 {[%clk 0:01:50]} 16. Qh2 {[%clk 0:02:10]}  Bg7 {[%clk 0:01:49]} 17. Nh3 {[%clk 0:01:36]}  Qc6 {[%clk 0:01:39]} 18. Nf2 {[%clk 0:01:25]}  Nc4 {[%clk 0:01:16]} 19. Qh7 {[%clk 0:01:11]}  Kf8 {[%clk 0:01:12]} 20. g5 {[%clk 0:01:09]}  a4 {[%clk 0:00:52]} 21. Ng4 {[%clk 0:01:09]}  Nxb2 {[%clk 0:00:28]} 22. Kxb2 {[%clk 0:01:01]}  Qc3+ {[%clk 0:00:27]} 23. Kb1 {[%clk 0:01:02]}  a3 {[%clk 0:00:28]} 24. Nd3 {[%clk 0:01:02]}  Bxd4 {[%clk 0:00:28]} 25. Kc1 {[%clk 0:00:52]}  b3 {[%clk 0:00:29]} 26. Ne1 {[%clk 0:00:10]}  bxa2 {[%clk 0:00:24]} 27. Rxd4 {[%clk 0:00:07]}  a1=Q# {[%clk 0:00:24]} 0-1